Southville International School and Colleges
Your cart is empty.
  • Cart
  • Lists
    Public lists Eva Luna New books Lux_list list_1
    Your lists Log in to create your own lists
  • Log in to your account
  • Your cookies
  • Search history
Southville International School and Colleges
  • Advanced search
  • Recent comments
  • Most popular
  • Libraries

Log in to your account

Log in with GOOGLE


If you do not have an external account, but do have a local account, you can still log in:

  1. Home
  2. MARC view: The divine campaigns :
Normal view MARC view ISBD view

The divine campaigns : (Record no. 3727)

[ view plain ]
MARC details
000 -LEADER
fixed length control field 00994cam a2200349 a 4500
001 - CONTROL NUMBER
control field 00320152
003 - CONTROL NUMBER IDENTIFIER
control field OSt
005 - DATE AND TIME OF LATEST TRANSACTION
control field 20140310181804.0
008 - FIXED-LENGTH DATA ELEMENTS--GENERAL INFORMATION
fixed length control field 920330s1989 ne ab b 00100 eng
020 ## - INTERNATIONAL STANDARD BOOK NUMBER
International Standard Book Number 0705409783
035 ## - SYSTEM CONTROL NUMBER
System control number CUW000237185
049 ## - LOCAL HOLDINGS (OCLC)
Holding library ul
050 ## - LIBRARY OF CONGRESS CALL NUMBER
Classification number D 201.8
Item number .T583 1989
082 00 - DEWEY DECIMAL CLASSIFICATION NUMBER
Classification number REF 909
Item number D64 1989
090 ## - LOCALLY ASSIGNED LC-TYPE CALL NUMBER (OCLC); LOCAL CALL NUMBER (OCLC)
Classification number (OCLC) (R) ; Classification number, CALL (RLIN) (NR) D201.8.D58
245 04 - TITLE STATEMENT
Title The divine campaigns :
Remainder of title AD 1100-1200 /
Statement of responsibility, etc by the editors of Time-Life Books.
260 0# - PUBLICATION, DISTRIBUTION, ETC. (IMPRINT)
Place of publication, distribution, etc Amsterdam :
Name of publisher, distributor, etc Time-Life Books,
Date of publication, distribution, etc c1989.
300 ## - PHYSICAL DESCRIPTION
Extent 176 p. :
Other physical details col. ill., col. maps ;
Dimensions 28 cm.
440 #0 - SERIES STATEMENT/ADDED ENTRY--TITLE
Title Time-Life history of the world.
500 ## - GENERAL NOTE
General note Includes Index
504 ## - BIBLIOGRAPHY, ETC. NOTE
Bibliography, etc Bibliography: p. 170-171.
520 ## - SUMMARY, ETC.
Summary, etc 1. Civilization, Medieval--12th century.
521 ## - TARGET AUDIENCE NOTE
Target audience note
541 ## - IMMEDIATE SOURCE OF ACQUISITION NOTE
-- 1
562 ## - COPY AND VERSION IDENTIFICATION NOTE
Number of copies 3
650 #0 - SUBJECT ADDED ENTRY--TOPICAL TERM
Topical term or geographic name as entry element Twelfth century.
710 2# - ADDED ENTRY--CORPORATE NAME
Corporate name or jurisdiction name as entry element Time-Life Books.
910 ## - USER-OPTION DATA (OCLC)
User-option data CKC:GS:920330
942 ## - ADDED ENTRY ELEMENTS (KOHA)
Source of classification or shelving scheme Library of Congress Classification
Koha item type
Call number prefix
949 ## - LOCAL PROCESSING INFORMATION (OCLC)
a ul
b 000320152
t mono
Holdings
Withdrawn status Lost status Source of classification or shelving scheme Damaged status Home library Current library Shelving location Date acquired Total Checkouts Full call number Barcode Date last seen Copy number Price effective from Koha item type
    Library of Congress Classification   Luxembourg Library Luxembourg Library Reference Section 07/04/2013   D 201.8 .T583 1989 6489 08/13/2013 1 07/04/2013 Books
    Library of Congress Classification   Luxembourg Library Luxembourg Library Reference Section 07/04/2013   D 201.8 .T583 1989 9270 08/13/2013 2 07/04/2013 Books
    Library of Congress Classification   Luxembourg Library Luxembourg Library Reference Section 07/04/2013   D 201.8 .T583 1989 6485 08/13/2013 3 07/04/2013 Books

The divine campaigns :

APA

Time-Life Books, . (1989). The divine campaigns. Amsterdam: Time-Life Books.

Chicago

Time-Life Books, . 1989. The divine campaigns. Amsterdam: Time-Life Books.

Harvard

Time-Life Books, . (1989). The divine campaigns. Amsterdam: Time-Life Books.

MLA

Time-Life Books, . The divine campaigns. Amsterdam: Time-Life Books. 1989.

  • Print
  • Cite
  • Add to your cart (remove)
  • Save record
    BIBTEX Dublin Core MARCXML MARC (non-Unicode/MARC-8) MARC (Unicode/UTF-8) MARC (Unicode/UTF-8, Standard) MODS (XML) RIS
  • More searches
    Search for this title in:
    Other Libraries (WorldCat) Other Databases (Google Scholar) Online Stores (Bookfinder.com) Open Library (openlibrary.org)

Exporting to Dublin Core...

SOUTHVILLE LIBRARY

Southville International School and Colleges Library

1281 Tropical Ave. Cor. Luxembourg St., BF Homes International, Las Pinas City

Tel. No. 8256374 / 252358 Loc. 117/146

Powered by Koha